Autobiographies of three Pagans in the Philippines. (Record no. 10269)

MARC details
000 -LEADER
fixed length control field 00520cam a2200181 4500
001 - CONTROL NUMBER
control field 4628
005 - DATE AND TIME OF LATEST TRANSACTION
control field 20250523155920.0
008 - FIXED-LENGTH DATA ELEMENTS--GENERAL INFORMATION
fixed length control field 130204s2013 enkb 000 1 eng
010 ## - LIBRARY OF CONGRESS CONTROL NUMBER
LC control number 2013376193
082 ## - DEWEY DECIMAL CLASSIFICATION NUMBER
Edition number 920 BAR
100 1# - MAIN ENTRY--PERSONAL NAME
Personal name Barton, R.F.
245 14 - TITLE STATEMENT
Title Autobiographies of three Pagans in the Philippines.
264 #1 - PRODUCTION, PUBLICATION, DISTRIBUTION, MANUFACTURE, AND COPYRIGHT NOTICE
Place of production, publication, distribution, manufacture New york :
Name of producer, publisher, distributor, manufacturer University Books,
Date of production, publication, distribution, manufacture, or copyright notice 1963.
300 ## - PHYSICAL DESCRIPTION
Extent xliii,271 p. :
Other physical details ill. ;
Dimensions 26 cm.
650 #0 - SUBJECT ADDED ENTRY--TOPICAL TERM
Topical term or geographic name entry element Nepali people
Geographic subdivision Foreign countries
Form subdivision Fiction.
651 #0 - SUBJECT ADDED ENTRY--GEOGRAPHIC NAME
Geographic name Nepal
Form subdivision Fiction.
942 ## - ADDED ENTRY ELEMENTS (KOHA)
Source of classification or shelving scheme Dewey Decimal Classification
Koha item type Main
Holdings
Withdrawn status Lost status Source of classification or shelving scheme Damaged status Not for loan Collection code Home library Current library Shelving location Date acquired Inventory number Total Checkouts Full call number Barcode Date last seen Price effective from Koha item type Public note
    Dewey Decimal Classification     Main TEST RTC Library RTC Library Main opac 23/05/2025 19329   920 BAR 30020547 23/05/2025 23/05/2025 Main Donated by Dr. Dolma.
Royal Thimphu College || All Right Reserved